000 00286nam a22001097a 4500
008 170119b xxu||||| |||| 00| 0 eng d
020 _a9781584803003
041 _aeng
080 _a618.2
245 _aFIRST AID/CPR/AED FOR SCHOOLS AND THE COMMUNITY
_cAMERICAN RED CROSS
942 _2udc
_cBK
999 _c3180
_d3180